HORSESHOE TABLE AN INSIDE VIEW OF THE UN (Record no. 4264)

MARC details
000 -LEADER
fixed length control field 00357nam a2200133Ia 4500
008 - FIXED-LENGTH DATA ELEMENTS--GENERAL INFORMATION
fixed length control field 240624s9999 xx 000 0 und d
041 ## - LANGUAGE CODE
Language code of text/sound track or separate title eng
082 ## - DEWEY DECIMAL CLASSIFICATION NUMBER
Classification number 341.2323 GHA
100 ## - MAIN ENTRY--PERSONAL NAME
Personal name GHAREKHAN CHINMAYA R
245 ## - TITLE STATEMENT
Title HORSESHOE TABLE AN INSIDE VIEW OF THE UN
260 ## - PUBLICATION, DISTRIBUTION, ETC.
Date of publication, distribution, etc. 2007
Place of publication, distribution, etc. Delhi
Name of publisher, distributor, etc. Pearson Longman
300 ## - PHYSICAL DESCRIPTION
Extent xii, : 328 : p. ; 23cm.
365 ## - TRADE PRICE
Currency code RS
Price amount 33
Holdings
Withdrawn status Lost status Damaged status Not for loan Home library Current library Shelving location Date acquired Source of acquisition Cost, normal purchase price Full call number Barcode Date last seen Copy number Price effective from Koha item type
        IMTN IMTN Rack 14-B 12/29/2006 AP 550.00 341.2323 GHA 4264 06/24/2024 1 06/24/2024 Books
Designed & Maintained by: LRC IMT Nagpur Contact: lrc@imtnag.ac.in© 2024. All Rights Reserved.